000 01304pam a2200325 a 4500
001 633865
003 ARRUPE
005 20160928163647.0
008 930223r19931908nyua 001 0aeng
010 _a 93012548
020 _a0312092415 :
_c$22.95 ($29.99 Can.)
040 _aDLC
_cDLC
_dDLC
043 _af-sa---
050 0 0 _aSK251.S44
082 0 0 _a508.968
_220
100 1 _aSelous, Frederick Courteney,
_d1851-1917.
_921828
245 1 0 _aAfrican nature notes and reminiscences /
_cFrederick Courteney Selous ; with a "foreword" by President Roosevelt ; and illustrations by E. Caldwell ; introduction by Mike Resnick.
250 _a1st ed.
260 _aSalisbury
_bThe Pioneer Head
_c1969
300 _axxx, 356 p. :
_bill. ;
_c22 cm.
440 4 _aThe Library of African adventure
_926208
500 _aOriginally published: London : Macmillan, 1908.
500 _aIncludes index.
650 0 _aHunting
_zSouth Africa
_913079
650 0 _aAfrica, South
_xDescription and travel
_926209
650 0 _aAnimals, Habits and behavior of
_926210
906 _a7
_bcbc
_corignew
_d1
_eocip
_f19
_gy-gencatlg
942 _2lcc
_cMONOGRAPH
999 _c125353
_d125353